[Event "Dortmund Sparkassen op-B"]
[Site "Dortmund"]
[Date "2014.07.19"]
[Round "8"]
[White "Kolleck, Wolf Dietrich"]
[Black "Sherif, Malik"]
[Result "1/2-1/2"]
[WhiteElo "1491"]
[BlackElo "1419"]
[PlyCount "60"]
[EventDate "2014.07.12"]
[EventType "swiss"]
[EventRounds "9"]
[EventCountry "GER"]
[SourceTitle "EXT 2022"]
[Source "ChessBase"]
[SourceDate "2021.10.06"]
[SourceVersion "1"]
[SourceVersionDate "2021.10.06"]
[SourceQuality "1"]

1. d4 d5 2. c4 c6 3. Nf3 Nf6 4. Nc3 e6 5. Bg5 Nbd7 6. e3 Be7 7. Rc1 0-0 8. cxd5 exd5 9. Bd3 h6 10. Bh4 Re8 11. 0-0 Nb6 12. h3 Be6 13. Bg3 Rc8 14. Ne2 Nh5 15. Bh2 Bd6 16. Bb1 Bxh2+ 17. Nxh2 Nf6 18. Qd3 Nc4 19. b4 Nd6 20. Ng3 Nde4 21. Ne2 Bf5 22. Qd1 Nd6 23. Nf3 Bxb1 24. Rxb1 Nc4 25. Nd2 Nxd2 26. Qxd2 Ne4 27. Qc2 Nd6 28. Nc1 Nc4 29. Qc3 Qc7 30. Nd3 a6 1/2-1/2

[Event "Dortmund Sparkassen op-B"]
[Site "Dortmund"]
[Date "2014.07.18"]
[Round "7"]
[White "Kracht, Raphael"]
[Black "Kolleck, Wolf Dietrich"]
[Result "1-0"]
[WhiteElo "1392"]
[BlackElo "1491"]
[PlyCount "65"]
[EventDate "2014.07.12"]
[EventType "swiss"]
[EventRounds "9"]
[EventCountry "GER"]
[SourceTitle "EXT 2022"]
[Source "ChessBase"]
[SourceDate "2021.10.06"]
[SourceVersion "1"]
[SourceVersionDate "2021.10.06"]
[SourceQuality "1"]

1. e4 e5 2. Nf3 d6 3. d4 exd4 4. Nxd4 Nf6 5. Nc3 Be7 6. Be2 Nc6 7. Be3 a6 8. f3 Bd7 9. 0-0 h6 10. Qd2 0-0 11. Rad1 Ne5 12. g4 Nh7 13. h3 b5 14. b3 Qc8 15. f4 Nc6 16. Nf5 Bxf5 17. exf5 Re8 18. Bf3 Qd7 19. Qg2 Na5 20. Bxa8 c6 21. b4 Rxa8 22. bxa5 d5 23. Bb6 Rc8 24. Ne4 Qe8 25. Nc5 Qf8 26. Nd7 Qe8 27. Ne5 Nf6 28. Rfe1 c5 29. g5 hxg5 30. fxg5 Ne4 31. f6 Bd6 32. Rxd5 Bxe5 33. Rxe4 1-0

[Event "Dortmund Sparkassen op-B"]
[Site "Dortmund"]
[Date "2014.07.15"]
[Round "4"]
[White "Kolleck, Wolf Dietrich"]
[Black "Zannoni, Rudolf"]
[Result "1-0"]
[WhiteElo "1491"]
[BlackElo "1564"]
[PlyCount "96"]
[EventDate "2014.07.12"]
[EventType "swiss"]
[EventRounds "9"]
[EventCountry "GER"]
[SourceTitle "EXT 2022"]
[Source "ChessBase"]
[SourceDate "2021.10.06"]
[SourceVersion "1"]
[SourceVersionDate "2021.10.06"]
[SourceQuality "1"]

1. d4 d5 2. c4 c6 3. Nc3 Nf6 4. Bg5 e6 5. e3 h6 6. Bh4 Nbd7 7. Nf3 dxc4 8. Bxc4 b5 9. Bb3 Be7 10. a3 Qa5 11. 0-0 Bb7 12. e4 g5 13. Bg3 Nh5 14. d5 Nxg3 15. fxg3 0-0-0 16. Qc2 Qb6+ 17. Kh1 c5 18. Ba2 c4 19. b3 cxb3 20. Bxb3 Kb8 21. Qd2 Bf6 22. Rac1 g4 23. Qf4+ e5 24. Qxg4 Bc8 25. Nd2 Nc5 26. Qe2 Ba6 27. Qf3 Rd6 28. Rb1 Bg5 29. Rf2 Rf6 30. Qe2 b4 31. Bc4 Rxf2 32. Qxf2 Bxd2 33. Rxb4 Bxc3 34. Rxb6+ axb6 35. Bxa6 Bd4 36. Qf6 Rg8 37. Qxb6+ Ka8 38. d6 Rb8 39. Qc6+ Ka7 40. Bb5 Rb7 41. h4 Nd7 42. a4 Bb6 43. a5 Nb8 44. axb6+ Rxb6 45. Qc5 Kb7 46. d7 Nxd7 47. Bxd7 Rb1+ 48. Kh2 Rf1 1-0

[Event "Dortmund Sparkassen op-B"]
[Site "Dortmund"]
[Date "2011.07.25"]
[Round "3"]
[White "Schulze, Marc Andre"]
[Black "Kolleck, Wolf Dietrich"]
[Result "1-0"]
[WhiteElo "1837"]
[BlackElo "1482"]
[PlyCount "59"]
[EventDate "2011.07.23"]
[EventType "swiss"]
[EventRounds "9"]
[EventCountry "GER"]
[SourceTitle "EXT 2013"]
[Source "ChessBase"]
[SourceDate "2012.11.22"]
[SourceVersion "1"]
[SourceVersionDate "2012.11.22"]
[SourceQuality "1"]

1. Nf3 d5 2. d4 e6 3. e3 Nf6 4. Bd3 c5 5. c3 c4 6. Bc2 Nbd7 7. Ne5 Bd6 8. f4 b5 9. 0-0 Bb7 10. Nd2 g6 11. Rf3 Ne4 12. Rh3 Ndf6 13. a4 a6 14. Qe2 Qc7 15. g4 b4 16. Nxe4 Nxe4 17. Bxe4 Bxe5 18. Bxg6 fxg6 19. fxe5 b3 20. Bd2 Rf8 21. Be1 a5 22. Bh4 Kd7 23. Bg5 Rf7 24. Rf1 Raf8 25. Rxh7 Kc6 26. Rf6 Rxh7 27. Rxf8 Rf7 28. Rd8 Bc8 29. Rd6+ Kb7 30. Bd8 1-0

[Event "Leverkusen Bayer op 9th"]
[Site "Leverkusen"]
[Date "2011.04.11"]
[Round "7"]
[White "Kolleck, Wolf Dietrich"]
[Black "Wolff, Michael"]
[Result "0-1"]
[WhiteElo "1590"]
[BlackElo "1946"]
[PlyCount "72"]
[EventDate "2011.01.10"]
[EventType "swiss"]
[EventRounds "7"]
[EventCountry "GER"]
[SourceTitle "EXT 2012"]
[Source "ChessBase"]
[SourceDate "2011.11.24"]
[SourceVersion "1"]
[SourceVersionDate "2011.11.24"]
[SourceQuality "1"]

1. d4 Nf6 2. c4 c5 3. e3 e6 4. Nf3 d5 5. Nc3 Nc6 6. Be2 dxc4 7. Bxc4 cxd4 8. exd4 Be7 9. 0-0 0-0 10. h3 b6 11. Be3 Bb7 12. Qe2 a6 13. a3 b5 14. Bb3 Na5 15. Ba2 Nd5 16. Bd2 Nc6 17. Nxd5 exd5 18. Rac1 Bf6 19. Qd3 Re8 20. Rfe1 Qd7 21. Rc5 Rxe1+ 22. Nxe1 Nxd4 23. Nf3 Nxf3+ 24. Qxf3 d4 25. Qf4 Rc8 26. b4 h6 27. Qg3 Kh7 28. Bb1+ g6 29. h4 Rxc5 30. bxc5 Qd5 31. f3 Qxc5 32. Qf4 Bg7 33. Qxf7 d3+ 34. Kf1 Bd5 35. Qf4 Bc4 36. Bb4 d2+ 0-1

[Event "Leverkusen Bayer op 9th"]
[Site "Leverkusen"]
[Date "2011.03.14"]
[Round "5"]
[White "Kolleck, Wolf Dietrich"]
[Black "Teuber, Alfons"]
[Result "1-0"]
[WhiteElo "1590"]
[BlackElo "1087"]
[PlyCount "69"]
[EventDate "2011.01.10"]
[EventType "swiss"]
[EventRounds "7"]
[EventCountry "GER"]
[SourceTitle "EXT 2012"]
[Source "ChessBase"]
[SourceDate "2011.11.24"]
[SourceVersion "1"]
[SourceVersionDate "2011.11.24"]
[SourceQuality "1"]

1. d4 d5 2. c4 dxc4 3. Nf3 a6 4. a4 h6 5. e4 e6 6. Bxc4 Bb4+ 7. Nc3 Nf6 8. Qd3 0-0 9. 0-0 c5 10. d5 Bxc3 11. bxc3 exd5 12. exd5 Re8 13. h3 Nbd7 14. Bb3 Nb6 15. c4 Qd6 16. Bb2 a5 17. Rfe1 Bd7 18. Be5 Qe7 19. Bc7 Qf8 20. Bxb6 Qd6 21. Bxc5 Qxc5 22. Rab1 g6 23. Qd2 Kg7 24. Ne5 Bf5 25. Bc2 Ne4 26. Bxe4 Rxe5 27. Qc3 Kf6 28. Bxf5 Rae8 29. Bg4 h5 30. Bf3 R8e7 31. Rb5 Qc7 32. c5 Kg5 33. Rxe5+ Rxe5 34. d6 Rxc5 35. dxc7 1-0

[Event "Leverkusen Bayer op 9th"]
[Site "Leverkusen"]
[Date "2011.01.24"]
[Round "2"]
[White "Kolleck, Wolf Dietrich"]
[Black "Longerich, Hans Peter"]
[Result "1/2-1/2"]
[WhiteElo "1590"]
[BlackElo "1267"]
[PlyCount "59"]
[EventDate "2011.01.10"]
[EventType "swiss"]
[EventRounds "7"]
[EventCountry "GER"]
[SourceTitle "EXT 2012"]
[Source "ChessBase"]
[SourceDate "2011.11.24"]
[SourceVersion "1"]
[SourceVersionDate "2011.11.24"]
[SourceQuality "1"]

1. d4 Nf6 2. c4 g6 3. Nc3 Bg7 4. e4 d6 5. Nf3 0-0 6. Be2 e5 7. h3 Nc6 8. Be3 Kh8 9. Qd2 Ng8 10. d5 Nce7 11. g4 f5 12. exf5 gxf5 13. gxf5 Nxf5 14. 0-0-0 Nxe3 15. fxe3 Bf5 16. Rdf1 Qf6 17. Bd3 Rae8 18. Ne4 Qh6 19. h4 Nf6 20. Nfg5 Nxe4 21. Nxe4 Bxe4 22. Bxe4 Rxf1+ 23. Rxf1 Qxh4 24. Qd3 h6 25. Rf7 Re7 26. Rf1 Bf6 27. Kc2 Rg7 28. Bg6 Qg5 29. Be4 Qg3 30. Rxf6 1/2-1/2

[Event "Cologne Chess Days op"]
[Site "Cologne"]
[Date "2010.08.20"]
[Round "1"]
[White "Prill, Daniel"]
[Black "Kolleck, Wolf Dietrich"]
[Result "1-0"]
[WhiteElo "2117"]
[BlackElo "1593"]
[PlyCount "47"]
[EventDate "2010.08.20"]
[EventType "swiss"]
[EventRounds "5"]
[EventCountry "GER"]
[SourceTitle "EXT 2011"]
[Source "ChessBase"]
[SourceDate "2010.11.26"]
[SourceVersion "1"]
[SourceVersionDate "2010.11.26"]
[SourceQuality "1"]

1. e4 e5 2. Nf3 d6 3. Bc4 Be7 4. d4 exd4 5. Nxd4 Nf6 6. Nc3 0-0 7. f3 c6 8. Be3 Nbd7 9. 0-0 h6 10. a3 Qc7 11. Ba2 Nh7 12. Qd2 a6 13. Kh1 Ne5 14. Rad1 b5 15. Bf4 Re8 16. Qf2 a5 17. Nce2 b4 18. a4 Ba6 19. Nf5 Bf8 20. Rfe1 Nc4 21. Qg3 Kh8 22. Bxc4 Bxc4 23. Bxd6 Bxd6 24. Qxg7# 1-0

[Event "Leverkusen-ch op"]
[Site "Leverkusen"]
[Date "2010.01.18"]
[Round "1"]
[White "Werner, Michael"]
[Black "Kolleck, Wolf Dietrich"]
[Result "1-0"]
[WhiteElo "2115"]
[BlackElo "1593"]
[PlyCount "80"]
[EventDate "2010.01.18"]
[EventType "swiss"]
[EventRounds "7"]
[EventCountry "GER"]
[SourceTitle "EXT 2011"]
[Source "ChessBase"]
[SourceDate "2010.11.26"]
[SourceVersion "1"]
[SourceVersionDate "2010.11.26"]
[SourceQuality "1"]

1. d4 d5 2. c4 e6 3. Nc3 Nf6 4. Bg5 Be7 5. e3 0-0 6. Nf3 c6 7. Qc2 Nbd7 8. Rd1 Qa5 9. Be2 h6 10. Bh4 Re8 11. 0-0 Bd6 12. a3 Qc7 13. c5 Be7 14. Bg3 Qd8 15. h3 Nh7 16. e4 Ng5 17. Nd2 Nf8 18. e5 f5 19. f4 Nf7 20. Kh1 g6 21. Bh2 h5 22. g4 hxg4 23. hxg4 Kg7 24. Rg1 Nh7 25. Qd3 Rh8 26. Rdf1 Bd7 27. Rf3 b6 28. b4 Qc7 29. Rh3 Rag8 30. gxf5 exf5 31. Qg3 Kf8 32. Qe3 Be6 33. Rhg3 g5 34. fxg5 Bxg5 35. Qd3 f4 36. R3g2 Bh3 37. Qxh3 Nf6 38. Qf5 Nh6 39. Qe6 Nf7 40. exf6 f3 1-0

[Event "Dortmund op-B"]
[Site "Dortmund"]
[Date "2009.07.11"]
[Round "8"]
[White "Kolleck, Wolf Dietrich"]
[Black "Busche, Heinz"]
[Result "1/2-1/2"]
[WhiteElo "1615"]
[BlackElo "1380"]
[PlyCount "120"]
[EventDate "2009.07.04"]
[EventType "swiss"]
[EventRounds "9"]
[EventCountry "GER"]
[SourceTitle "EXT 2012"]
[Source "ChessBase"]
[SourceDate "2011.11.24"]
[SourceVersion "1"]
[SourceVersionDate "2011.11.24"]
[SourceQuality "1"]

1. d4 d5 2. c4 e6 3. Nc3 c6 4. Nf3 dxc4 5. a4 Bb4 6. e4 b5 7. Be2 Bb7 8. 0-0 a6 9. e5 c5 10. axb5 Bxc3 11. bxc3 axb5 12. Rxa8 Bxa8 13. dxc5 Bd5 14. Qc2 Qc7 15. Be3 h6 16. Rb1 Bc6 17. Rd1 Bd5 18. Nd4 Bc6 19. Qb2 Ne7 20. Nxc6 Nbxc6 21. Qxb5 0-0 22. Bf3 Rb8 23. Qxc4 Nxe5 24. Qe2 Nxf3+ 25. Qxf3 Rb3 26. Qa8+ Rb8 27. Qe4 Rd8 28. Rb1 Nd5 29. Bd4 Qf4 30. Qe1 Qf5 31. g3 h5 32. c4 Nf6 33. Bxf6 Qxf6 34. c6 Rc8 35. Qe4 Qf5 36. Qxf5 exf5 37. Rb6 Kf8 38. Kg2 Ke8 39. Kf3 g5 40. h4 f6 41. hxg5 fxg5 42. Ke3 Kd8 43. Kd4 h4 44. gxh4 gxh4 45. Kd5 Kc7 46. Rb1 h3 47. Kc5 Rh8 48. Rh1 f4 49. f3 Rh5+ 50. Kd4 Kxc6 51. Ke4 Kc5 52. Kxf4 Rh4+ 53. Kg3 Rxc4 54. Rxh3 Kd6 55. Rh4 Rc1 56. Re4 Rg1+ 57. Kf4 Rg8 58. Re5 Rh8 59. Re4 Rf8+ 60. Ke3 Ra8 1/2-1/2

[Event "Dortmund op-B"]
[Site "Dortmund"]
[Date "2009.07.07"]
[Round "4"]
[White "Kolleck, Wolf Dietrich"]
[Black "Bondarchuk, Vadim"]
[Result "0-1"]
[WhiteElo "1615"]
[BlackElo "1947"]
[PlyCount "94"]
[EventDate "2009.07.04"]
[EventType "swiss"]
[EventRounds "9"]
[EventCountry "GER"]
[SourceTitle "EXT 2012"]
[Source "ChessBase"]
[SourceDate "2011.11.24"]
[SourceVersion "1"]
[SourceVersionDate "2011.11.24"]
[SourceQuality "1"]

1. d4 Nf6 2. c4 e6 3. Nc3 d5 4. Bg5 Be7 5. e3 Nbd7 6. Nf3 0-0 7. Rc1 a6 8. cxd5 exd5 9. Bd3 Re8 10. Qc2 c6 11. 0-0 Nf8 12. h3 Ne4 13. Bf4 Nd6 14. Rfd1 g6 15. Ne5 Bf6 16. Nf3 Ne6 17. Bh2 Ng5 18. Nxg5 Bxg5 19. Re1 Nf5 20. Ne2 Bh6 21. Ng3 Nh4 22. Qd1 Bd7 23. Bf1 Qa5 24. a3 Re7 25. Rc5 Qb6 26. Rc3 Rae8 27. Rb3 Qa7 28. Ne2 Re6 29. Nf4 Rf6 30. g4 g5 31. Bg3 Ng6 32. Nd3 Bf8 33. Rc3 Bd6 34. Nc5 Bc8 35. f4 Qb8 36. Re2 Kg7 37. f5 Bxg3 38. fxg6 fxg6 39. e4 Ref8 40. Bg2 Bf2+ 41. Kh1 b6 42. e5 Rf4 43. Nb3 h5 44. Rd2 hxg4 45. Rxc6 gxh3 46. Bxd5 Bg3 47. Qc2 Rf1# 0-1

[Event "Leverkusen-ch op"]
[Site "Leverkusen"]
[Date "2009.04.20"]
[Round "7"]
[White "Blomeyer, Peter"]
[Black "Kolleck, Wolf Dietrich"]
[Result "1-0"]
[WhiteElo "1882"]
[BlackElo "1524"]
[PlyCount "45"]
[EventDate "2009.01.12"]
[EventType "swiss"]
[EventRounds "7"]
[EventCountry "GER"]
[SourceTitle "EXT 2010"]
[Source "ChessBase"]
[SourceDate "2010.11.25"]
[SourceVersion "1"]
[SourceVersionDate "2010.11.25"]
[SourceQuality "1"]

1. c4 e5 2. Nc3 Nf6 3. g3 c6 4. Bg2 Bb4 5. a3 Bxc3 6. bxc3 0-0 7. d3 Re8 8. Qc2 Na6 9. Bg5 h6 10. Bxf6 Qxf6 11. Nf3 Nc7 12. 0-0 d6 13. Rab1 Rb8 14. Nd2 d5 15. cxd5 cxd5 16. c4 Be6 17. Qa4 a6 18. Qa5 Qd8 19. Rfd1 Qd7 20. a4 Rbd8 21. c5 Bh3 22. Bxh3 Qxh3 23. Qxc7 1-0

[Event "Dortmund Sparkassen op-B"]
[Site "Dortmund"]
[Date "2008.07.02"]
[Round "4"]
[White "Henkemeier, Michael"]
[Black "Kolleck, Wolf Dietrich"]
[Result "1-0"]
[WhiteElo "1896"]
[BlackElo "1524"]
[PlyCount "63"]
[EventDate "2008.06.30"]
[EventType "swiss"]
[EventRounds "9"]
[EventCountry "GER"]
[SourceTitle "EXT 2022"]
[Source "ChessBase"]
[SourceDate "2021.10.06"]
[SourceVersion "1"]
[SourceVersionDate "2021.10.06"]
[SourceQuality "1"]

1. d4 d5 2. c4 e6 3. Nc3 Nf6 4. Bg5 Be7 5. e3 b6 6. Nf3 Bb7 7. Rc1 h6 8. Bh4 Na6 9. cxd5 exd5 10. Bxa6 Bxa6 11. Qa4+ c6 12. Qxa6 0-0 13. 0-0 g5 14. Bg3 Nh5 15. Ne2 c5 16. dxc5 Bxc5 17. Be5 g4 18. Nfd4 Qg5 19. Bg3 Rfe8 20. Qd3 a5 21. Qf5 Nf6 22. Qxg5+ hxg5 23. Nf5 Kh7 24. Ned4 Kg6 25. Bd6 Ne4 26. Bxc5 bxc5 27. f3 Nd2 28. Rxc5 Nxf1 29. Kxf1 gxf3 30. gxf3 Re5 31. e4 Ra6 32. Nc6 1-0

[Event "Dortmund op-B"]
[Site "Dortmund"]
[Date "2007.06.26"]
[Round "4"]
[White "Bauer, Dieter"]
[Black "Kolleck, Wolf Dietrich"]
[Result "1-0"]
[WhiteElo "1748"]
[BlackElo "1558"]
[PlyCount "89"]
[EventDate "2007.06.22"]
[EventType "swiss"]
[EventRounds "9"]
[EventCountry "GER"]
[SourceTitle "EXT 2008"]
[Source "ChessBase"]
[SourceDate "2007.11.25"]
[SourceVersion "1"]
[SourceVersionDate "2007.11.25"]
[SourceQuality "1"]

1. d4 Nf6 2. Nf3 g6 3. c4 Bg7 4. Nc3 d6 5. e4 0-0 6. Bg5 h6 7. Bh4 Nbd7 8. Be2 c5 9. d5 Re8 10. 0-0 Nf8 11. Re1 a6 12. Qd2 g5 13. Bg3 Nh5 14. Red1 Nxg3 15. hxg3 Ng6 16. Ne1 Be5 17. Bh5 Kh7 18. Nd3 Rf8 19. Bxg6+ fxg6 20. Nxe5 dxe5 21. a3 Qd6 22. Rdb1 Bd7 23. b4 b6 24. Ne2 a5 25. b5 Rf6 26. Nc1 e6 27. Nd3 exd5 28. cxd5 c4 29. Ne1 g4 30. Qe3 Rc8 31. a4 Rff8 32. Ra3 Rc7 33. Rc3 Rfc8 34. Nc2 Qc5 35. Qxc5 Rxc5 36. Ne3 Kg7 37. Rbc1 Bxb5 38. axb5 Rxb5 39. Rxc4 Rxc4 40. Rxc4 Rc5 41. Rxc5 bxc5 42. Nc4 a4 43. Kf1 g5 44. Ke2 h5 45. f3 1-0

[Event "Dortmund op-B"]
[Site "Dortmund"]
[Date "2007.06.23"]
[Round "2"]
[White "Fahle, Karl Wilhelm"]
[Black "Kolleck, Wolf Dietrich"]
[Result "1/2-1/2"]
[WhiteElo "1141"]
[BlackElo "1558"]
[PlyCount "109"]
[EventDate "2007.06.22"]
[EventType "swiss"]
[EventRounds "9"]
[EventCountry "GER"]
[SourceTitle "EXT 2008"]
[Source "ChessBase"]
[SourceDate "2007.11.25"]
[SourceVersion "1"]
[SourceVersionDate "2007.11.25"]
[SourceQuality "1"]

1. e4 e5 2. f4 d5 3. exd5 c6 4. Nf3 e4 5. Ne5 Nf6 6. dxc6 bxc6 7. d4 exd3 8. Bxd3 Bc5 9. Nc3 0-0 10. h3 Nfd7 11. Qh5 g6 12. Qh6 Nxe5 13. fxe5 Re8 14. Bg5 Rxe5+ 15. Ne4 f6 16. 0-0-0 Rxg5 17. Bc4+ Rd5 18. Nxc5 Qf8 19. Bxd5+ cxd5 20. Qxf8+ Kxf8 21. Rhe1 Nd7 22. Ne6+ Kf7 23. Nc7 Rb8 24. Nxd5 Ne5 25. b3 Be6 26. c4 a5 27. Kc2 Bf5+ 28. Kc3 Be6 29. a4 Rc8 30. Kb2 Bf5 31. Kc3 Be6 32. Kd4 Bf5 33. Rd2 Rb8 34. Kc3 Be6 35. Rb2 Bf5 36. b4 axb4+ 37. Nxb4 Rc8 38. Kb3 Nxc4 39. Ra2 Be6 40. Rc2 Ne3+ 41. Kb2 Nxc2 42. Nxc2 Rb8+ 43. Ka3 Rb3+ 44. Ka2 Rg3+ 45. Kb2 Rxg2 46. Re3 Rg5 47. Nd4 Bd7 48. Ra3 Rd5 49. Kc3 Bxh3 50. Kc4 Bg2 51. a5 Rd6 52. Ra1 Bb7 53. Kc5 Rd8 54. Kb6 Be4 55. Ra4 1/2-1/2

[Event "Leverkusen-ch op"]
[Site "Leverkusen"]
[Date "2007.01.08"]
[Round "1"]
[White "Kolleck, Wolf Dietrich"]
[Black "Werner, Michael"]
[Result "0-1"]
[WhiteElo "1610"]
[BlackElo "2082"]
[PlyCount "78"]
[EventDate "2007.01.08"]
[EventType "swiss"]
[EventRounds "7"]
[EventCountry "GER"]
[SourceTitle "EXT 2008"]
[Source "ChessBase"]
[SourceDate "2007.11.25"]
[SourceVersion "1"]
[SourceVersionDate "2007.11.25"]
[SourceQuality "1"]

1. e4 c5 2. d4 cxd4 3. c3 dxc3 4. Nxc3 Nc6 5. Nf3 d6 6. Bc4 e6 7. 0-0 Nf6 8. Qe2 Qc7 9. Rd1 a6 10. a3 Be7 11. Be3 0-0 12. b4 b5 13. Bb3 Bb7 14. Rac1 Rac8 15. Ng5 Qd7 16. Qa2 Nd8 17. f3 h6 18. Nh3 e5 19. Nf2 Nc6 20. Nd3 Ba8 21. Nd5 Nxd5 22. Bxd5 Bg5 23. f4 exf4 24. Nxf4 Ne5 25. Qd2 Bxd5 26. Qxd5 Nc4 27. Qd3 Nxe3 28. Qxe3 Qg4 29. g3 Rxc1 30. Rxc1 Rc8 31. Rxc8+ Qxc8 32. h4 Bxf4 33. Qxf4 Qe6 34. Qf3 Qe5 35. Qd3 Kf8 36. Kg2 Ke7 37. Kf3 Ke6 38. Qb3+ d5 39. exd5+ Qxd5+ 0-1

[Event "Dortmund op-B"]
[Site "Dortmund"]
[Date "2005.07.12"]
[Round "5"]
[White "Kolleck, Wolf Dietrich"]
[Black "Hardt, Helmut"]
[Result "0-1"]
[WhiteElo "1601"]
[BlackElo "1855"]
[PlyCount "98"]
[EventDate "2005.07.08"]
[EventType "swiss"]
[EventRounds "9"]
[EventCountry "GER"]
[SourceTitle "CBM 107 Extra"]
[Source "ChessBase"]
[SourceDate "2005.09.01"]
[SourceVersion "1"]
[SourceVersionDate "2005.09.01"]
[SourceQuality "1"]

1. e4 d6 2. d4 Nf6 3. Nc3 c6 4. h3 b5 5. Bd3 b4 6. Nce2 Ba6 7. Nf3 Bxd3 8. Qxd3 e6 9. 0-0 Be7 10. Bd2 d5 11. e5 Ne4 12. Be3 0-0 13. Nh2 c5 14. c3 c4 15. Qc2 h6 16. f3 Ng5 17. Bxg5 hxg5 18. Ng4 Nc6 19. Ng3 g6 20. Rf2 Rb8 21. Ne2 Kg7 22. f4 Rb7 23. Raf1 a5 24. fxg5 Bxg5 25. Nf6 Be3 26. Kh1 Bxf2 27. Rxf2 Rh8 28. Qd2 bxc3 29. Nxc3 Qb6 30. Ne2 Ne7 31. Ng3 Nf5 32. Ne2 Qb4 33. Nc3 a4 34. Qg5 a3 35. Rxf5 exf5 36. Nfxd5 Qf8 37. Qf6+ Kg8 38. bxa3 Rh5 39. Ne2 c3 40. Nexc3 Rd7 41. a4 Qh6 42. Qc6 Qc1+ 43. Kh2 Rxd5 44. Qa8+ Kg7 45. Nxd5 Rh8 46. Qa6 Qg5 47. Qb7 f4 48. Nf6 Qg3+ 49. Kh1 f3 0-1